NFL Draft 2017 Quarterbacks Drafted - Statistics

General Stats
  • This quiz has been taken 53 times
  • The average score is 4 of 10
Answer Stats
Round Player Team College % Correct
1 Patrick Mahomes Chiefs Texas Tech
98%
1 Deshaun Watson Texans Clemson
93%
1 Mitchell Trubisky Bears North Carolina
80%
2 DeShone Kizer Browns Notre Dame
48%
4 Joshua Dobbs Steelers Tennessee
27%
3 C.J. Beathard 49ers Iowa
23%
5 Nathan Peterman Bills Pittsburgh
20%
3 Davis Webb Giants California
16%
7 Chad Kelly Broncos Mississippi
14%
6 Brad Kaaya Lions Miami (FL)
5%
No matching quizzes found
Score Distribution
Percent of People with Each Score
Percentile by Number Answered
Your Score History
You have not taken this quiz